LEADER 00965nam a2200229 i 4500 001 000000178296 003 CaOOAMICUS 005 20090316000000.0 008 090316s1932 it u000 u ita u 013 $a155865 040 $aSeMil$bita 100 1 $aSaint-Aulaire, Auguste Felix Charles de Beaupoil .$0(OLS)http://semarc/name/66286 245 10$aRichelieu /$cComte de Saint Aulaire ambassadeur de France. 260 $aParis :$bDunod,$ccopyr. 1932. 300 $a310 p. ;$c18 cm. 490 0 $aLes constructeurs 600 04$aRichelieu, Armand Jean : du Plessis, cardinal de .$0(OLS)http://semarc/subject/3310 830 4$aLes constructeurs.$0(OLS)http://semarc/title/27602 850 $aSeMil 852 $aSeMil$W1$xVenegono$y1$m3A I 151$j129081$B129081$CSeMilBibl$Z2$F140224 $81 996 $6245$aRichelieu$9(OLS)http://semarc/title/185145 996 $6260$aParis :$bDunod$9(OLS)http://semarc/publisher/35400 LEADER 00908nam a2200241 i 4500 001 000000196452 003 CaOOAMICUS 005 20140721000000.0 008 140721s1946 it u000 u ita u 013 $a175134 040 $aSeMil$bita 100 1 $aMelzi, Celestino,$d<1918- >.$0(OLS)http://semarc/name/21243 245 13$aLa Democrazia Cristiana /$cCelestino Melzi. 260 $aMilano [etc.] :$bÀncora,$c1946. 300 $a91 p. ;$c19 cm. 500 $aFondo card. Giovanni Colombo. 650 4$aDemocrazia Cristiana <1943-1994> - Storia.$0(OLS)http://semarc/subject/2147 850 $aSeMil 852 $aSeMil$W1$xVenegono$y1$m3GC II 109$j147015$B147015$CSeMilBibl$Z2$F158620 $8B 941 1 $a3 961 $aLascito: Colombo Card. Giovanni 996 $6245$aLa Democrazia Cristiana$9(OLS)http://semarc/title/283776 996 $6260$aMilano [etc.] :$bÀncora$9(OLS)http://semarc/publisher/32331